000
00263nam a22001097a 4500
082
_a
658.5 MAG'P
100
_a
MAGEE, JOHN F
_9
56987
245
_a
PRODUCTION PLANNING AND INVENTORY CONTROL
260
_a
NEWYORK
_b
MCGRAW HILL
_c
1958
300
_a
333P
942
_c
BK
999
_c
567309
_d
567309